Statistiques concernant Estimez la population de ces villes françaises n°2

Cliquez ici pour prendre le quiz!

Statistiques générales

  • Ce quiz a été pris 33 fois
  • Le résultat moyen est 6 sur 15

Statistiques - réponses

QuestionRéponse% Correct
Cherbourg-en-Cotentin78 000
56%
Colmar68 000
53%
Cannes73 000
53%
Tarbes44 000
44%
Dunkerque87 000
44%
Avignon90 000
44%
Bourges64 000
34%
Saint Nazaire72 000
31%
Poitiers90 000
31%
Roubaix99 000
31%
Troyes63 000
28%
Pau77 000
28%
Béziers80 000
28%
Chambéry60 000
25%
La Rochelle79 000
25%

Distribution des résultats

Percentile par nombre de réponses

% des personnes avec chaque résultat

Votre développement - résultats

Vous n’avez pas pris ce quiz